000
00273nam a2200097Ia 4500
001
1050344
005
20250827001206.0
008
250824s9999 xx 000 0 und d
245
0
_a
OSMANLI DEVLETİNDE ASKERİ İSTİHBARAT
_c
GÜLTEKİN YILDIZ
260
_b
YEDİTEPE YAYINLARI
999
_c
1050344
_d
1050344